Ochrana a bezpečnosť spotrebiteľa

Ochrana zdravia ako súčasť politiky ochrany spotrebiteľa a spotrebiteľskej politiky Európskej únie. Politika zdravia. Európska charta práv pacientov.

Guardado en:
Detalles Bibliográficos
Autor principal: Dzurová, Mária
Formato: Capítulo de libro
Lenguaje:eslovaco
Materias:
Etiquetas: Agregar Etiqueta
Sin Etiquetas, Sea el primero en etiquetar este registro!

MARC

LEADER 00000naa$a2200000$$$4500
001 0164451
005 20240502072853.9
041 0 |a slo 
044 |a SK 
245 1 0 |a Ochrana a bezpečnosť spotrebiteľa  |c Mária Dzurová 
520 |a Ochrana zdravia ako súčasť politiky ochrany spotrebiteľa a spotrebiteľskej politiky Európskej únie. Politika zdravia. Európska charta práv pacientov. 
610 2 0 |a ochrana spotrebiteľa 
610 2 0 |a bezpečnosť 
610 2 0 |a spotrebitelia 
610 2 0 |a ochrana zdravia 
610 2 0 |a politika zdravotná 
610 2 0 |a politika spotrebiteľská 
610 2 0 |a Európska únia 
100 1 |a Dzurová, Mária